000 01005cam a22003258i 4500
001 24001258
003 OSt
005 20250717124253.0
006 m |o d |
007 cr_|||||||||||
008 241219s2025 pau ob 001 0deng
010 _a 2024444446
035 _a24001258
040 _aDLC
_beng
_cDLC
_erda
042 _apcc
050 0 0 _aML3918
_b.K54 2025
082 0 0 _a306.4/84249
_223/eng/20241226
100 1 _aKigame Reuben
_948144
245 1 0 _aMusic and Social Justice in the East African Church :
_bLessons from the discographies of Garth Hewitt, Mahalia Jackson and Juliani
_cReuben Kigame
260 _aNairobi
_c2025
300 _axvii,420p
504 _aIncludes bibliographical references
650 0 _aMusic
_xSocial aspects.
_958277
650 0 _aMusic
_xcriticism.
_958278
650 0 _amusicians.
_958279
650 0 _aSocial justice.
_958280
906 _a7
_bcbc
_corignew
_d1
_eecip
_f20
_gy-gencatlg
942 _2lcc
_cBK
999 _c68523
_d68497